000 00256nam a22001217a 4500
008 181023b xxu||||| |||| 00| 0 eng d
041 _aeng
080 _a336
100 _a52
101 _aKON
245 _aPayroll..accouting
_cToland.B
942 _2udc
_cBK
999 _c50601
_d50601